Memory and Consecutive Interpreting

Tallennettuna:
Bibliografiset tiedot
Päätekijä: Taherian, Bahareh
Aineistotyyppi: Tuntematon
Kieli:englanti
Julkaistu: Beau Bassin, Mauritius: Scholars' Press, 2020
Aiheet:
Tagit: Lisää tagi
Ei tageja, Lisää ensimmäinen tagi!

MARC

LEADER 00000 a2200000 4500
003 CL-VaPUC
005 20220119084207.0
008 211228b ||||| |||| 00| 0 eng d
999 |c 433909  |d 433907 
020 |a 978-6138929642 
040 |c Pontificia Universidad Católica de Valparaíso 
082 7 |a 400 THA 2020  |2 22 
100 |a Taherian, Bahareh   |9 864124 
245 1 |a Memory and Consecutive Interpreting 
260 |a Beau Bassin, Mauritius:   |b Scholars' Press,  |c 2020 
300 |a 88 páginas  
583 |k Cristina María Rojas Aguilar  |c 20211228 
650 0 |a Traducción e interpretación  |9 315998 
650 0 |a Interpretación consecutiva  |9 865513 
942 |2 ddc  |c BK 
952 |0 0  |1 0  |2 ddc  |4 0  |6 400_000000000000000_THA_2020  |7 0  |8 A  |9 579921  |a BIBEDU  |b BIBEDU  |d 2021-12-28  |e 74  |g 54527.00  |i 5631696  |o 400 THA 2020  |p 5631696  |r 2021-12-28  |t 1  |v 54527.00  |w 2021-12-28  |y BK  |k LIT